| 000 | 00388nam a22001457a 4500 | ||
|---|---|---|---|
| 020 | _a978-0-19-955575-8 | ||
| 041 | _aEnglish | ||
| 082 | _a891.23 OLI | ||
| 100 | _aOlivelle, Patrick (Tr) | ||
| 245 | _aThe Pancatantra: The Book of India's Folk Wisdom | ||
| 260 |
_aOxford _bOxford University Press _c1997 |
||
| 300 | _a195 | ||
| 650 |
_aPanchatantra _aFolk stories-Indian |
||
| 942 | _cBK | ||
| 999 |
_c20976 _d20976 |
||